000 00238 a2200097 4500
001 38738
100 _aShakespear
245 _aDictionary: Urdu- English and English - Urdu
260 _aLahore
_bSang-e-Meel
_c1996
090 _c24558
_d24558
942 _aNUST-CAE
_cM
_c16178
999 _c273811
_d273811